Obras selectas / (Record no. 69094)

MARC details
000 -LEADER
campo de control de longitud fija 00821nam a2200241 i 4500
001 - NÚMERO DE CONTROL
campo de control 69094
003 - IDENTIFICADOR DE NÚMERO DE CONTROL
campo de control ES-MaACL
005 - FECHA Y HORA DE LA ÚLTIMA TRANSACCIÓN
campo de control 20230906170431.0
007 - CAMPO FIJO DE DESCRIPCIÓN FÍSICA--INFORMACIÓN GENERAL
campo de control de longitud fija t|
008 - DATOS DE LONGITUD FIJA--INFORMACIÓN GENERAL
campo de control de longitud fija 040909r19982002sp ||||1| spa d
020 ## - NÚMERO INTERNACIONAL ESTÁNDAR DEL LIBRO
Número Internacional Estándar del Libro 84-7239-391-7
080 ## - NÚMERO DE LA CLASIFICACIÓN DECIMAL UNIVERSAL
Número de la Clasificación Decimal Universal 24(081) Edith Stein, Santa
100 1# - ENTRADA PRINCIPAL--NOMBRE DE PERSONA
Nombre de persona Edith Stein
Títulos y otros términos asociados al nombre Santa (
Fechas asociadas al nombre 1891-1942)
9 (RLIN) 46641
245 10 - MENCIÓN DEL TÍTULO
Título Obras selectas /
Mención de responsabilidad, etc. Edith Stein ; edición preparada por Francisco Javier Sancho Fermín.
250 ## - MENCION DE EDICION
Mención de edición 2ª ed., reimp.
260 ## - PUBLICACIÓN, DISTRIBUCIÓN, ETC.
Lugar de publicación, distribución, etc. Burgos :
Nombre del editor, distribuidor, etc. Monte Carmelo,
Fecha de publicación, distribución, etc. 1998 (
Fecha de fabricación/manufactura 2002)
300 ## - DESCRIPCIÓN FÍSICA
Extensión 615 p., [3] h. de lám. ;
Dimensiones 19 cm.
490 1# - MENCIÓN DE SERIE
Mención de serie Maestros espirituales cristianos ;
Designación de volumen o secuencia 12
700 1# - ENTRADA AGREGADA--NOMBRE PERSONAL
Nombre de persona Sancho Fermín, Francisco Javier.
9 (RLIN) 103038
830 0# - PUNTO DE ACCESO ADICIONAL DE SERIE-TÍTULO UNIFORME
Título uniforme Maestros espirituales cristianos ;
Designación de volumen o secuencia 12
9 (RLIN) 230976
852 ## - LOCALIZACIÓN
Ubicación ES-MaACL
Número de control de estantería L-28095
Sublocalización o colección R.134023
Holdings
Estatus retirado Estado de pérdida Estado de daño No para préstamo Biblioteca de origen Biblioteca actual Ubicación en estantería Fecha de adquisición Fuente de adquisición Total de préstamos Signatura topográfica completa Código de barras Visto por última vez Precio de reemplazo Tipo de ítem Koha
        Biblioteca del Ateneo de Madrid Biblioteca del Ateneo de Madrid Depósito 2 17/01/2008     L-28095 1072353 23/02/2023 23/02/2023 Libro impreso